[Event "Bundesliga 0102"]
[Site "Germany"]
[Date "2002.03.16"]
[Round "10.7"]
[White "Naumann, Alexander"]
[Black "Wilhelmi, Christian"]
[Result "1-0"]
[WhiteElo "2480"]
[BlackElo "2440"]
[PlyCount "59"]
[EventDate "2001.10.06"]
[EventType "team-tourn"]
[EventRounds "15"]
[EventCountry "GER"]
[SourceTitle "EXT 2003"]
[Source "ChessBase"]
[SourceDate "2002.11.25"]
[SourceVersion "1"]
[SourceVersionDate "2002.11.25"]
[SourceQuality "1"]
[WhiteTeam "Solingen"]
[BlackTeam "Hamburger SK"]
[WhiteTeamCountry "GER"]
[BlackTeamCountry "GER"]

1. d4 Nf6 2. c4 g6 3. Nc3 d5 4. cxd5 Nxd5 5. e4 Nxc3 6. bxc3 Bg7 7. Nf3 c5 8. Be3 Qa5 9. Qd2 Nc6 10. Rb1 b6 11. Bb5 Bd7 12. d5 a6 13. Bxc6 Bxc6 14. Rc1 Ba4 15. 0-0 0-0 16. Bh6 Rad8 17. Qf4 f6 18. Bxg7 Kxg7 19. c4 b5 20. cxb5 Bxb5 21. Rxc5 Qxa2 22. Rfc1 Qb2 23. h4 Bd7 24. Rc7 Qb6 25. Nd2 Rf7 26. Nc4 Qd4 27. Na5 Bb5 28. Nb3 Qb6 29. Nc5 Rd6 30. Rb7 1-0

[Event "Bundesliga 0102"]
[Site "Germany"]
[Date "2002.02.02"]
[Round "6.6"]
[White "Stangl, Markus"]
[Black "Wilhelmi, Christian"]
[Result "1-0"]
[WhiteElo "2457"]
[BlackElo "2440"]
[PlyCount "121"]
[EventDate "2001.10.06"]
[EventType "team-tourn"]
[EventRounds "15"]
[EventCountry "GER"]
[SourceTitle "EXT 2003"]
[Source "ChessBase"]
[SourceDate "2002.11.25"]
[SourceVersion "1"]
[SourceVersionDate "2002.11.25"]
[SourceQuality "1"]
[WhiteTeam "Tegernsee"]
[BlackTeam "Hamburger SK"]
[WhiteTeamCountry "GER"]
[BlackTeamCountry "GER"]

1. Nf3 c5 2. c4 g6 3. d4 cxd4 4. Nxd4 Bg7 5. e4 Nc6 6. Nc2 Nf6 7. Nc3 0-0 8. Be2 d6 9. 0-0 b6 10. Be3 Bb7 11. Qd2 Re8 12. Rfd1 Ne5 13. f3 Rc8 14. Na3 Ned7 15. Rac1 Qc7 16. Nab5 Qb8 17. b4 a6 18. Na3 Rcd8 19. Nc2 Ba8 20. Bf1 Rc8 21. Nd5 h5 22. a4 Bc6 23. Nc3 Ba8 24. Rb1 h4 25. Na3 Nh5 26. Nd5 h3 27. g4 Nhf6 28. Bxh3 Ne5 29. Nxf6+ Bxf6 30. Qe2 e6 31. f4 Nd7 32. g5 Bg7 33. e5 d5 34. cxd5 Rc3 35. Rd3 Rxd3 36. Qxd3 Bxd5 37. Bg2 Bxg2 38. Kxg2 Qb7+ 39. Kg3 Rc8 40. Nc4 Qc6 41. Rc1 Qd5 42. Qxd5 exd5 43. Nd6 Rxc1 44. Bxc1 Bf8 45. b5 axb5 46. axb5 Bxd6 47. exd6 f6 48. gxf6 Nxf6 49. Kf3 Kf7 50. Be3 Ne4 51. d7 Ke7 52. Bxb6 Kxd7 53. f5 gxf5 54. Be3 Nf6 55. Kf4 Ne4 56. h4 Ke6 57. b6 Nd6 58. Kg5 Kd7 59. h5 Nf7+ 60. Kxf5 Kc6 61. Kf6 1-0

[Event "Bad Woerishofen op 16th"]
[Site "Bad Woerishofen"]
[Date "2000.03.25"]
[Round "9"]
[White "Wilhelmi, Christian"]
[Black "Hartoch, Robert G"]
[Result "1-0"]
[WhiteElo "2423"]
[BlackElo "2318"]
[PlyCount "57"]
[EventDate "2000.03.??"]
[EventType "swiss"]
[EventRounds "9"]
[EventCountry "GER"]
[SourceTitle "CBM 075 Extra"]
[Source "ChessBase"]
[SourceDate "2000.05.11"]
[SourceVersion "2"]
[SourceVersionDate "2000.05.11"]
[SourceQuality "1"]

1. d4 g6 2. c4 Bg7 3. Nf3 d6 4. g3 e5 5. Nc3 exd4 6. Nxd4 Nc6 7. Nxc6 bxc6 8. Bg2 Ne7 9. Bg5 f6 10. Bf4 Be6 11. b3 Qd7 12. h4 g5 13. Bc1 gxh4 14. Rxh4 Ng6 15. Rh5 f5 16. Bb2 f4 17. Qd2 fxg3 18. fxg3 Bg4 19. Rg5 Ne5 20. Ne4 h6 21. Nc5 dxc5 22. Qxd7+ Bxd7 23. Rxg7 Nf7 24. 0-0-0 Nd6 25. Bxc6 Bxc6 26. Rxc7 Rg8 27. Rxd6 Bg2 28. Re6+ Kd8 29. Rf7 1-0

[Event "Bad Woerishofen op 16th"]
[Site "Bad Woerishofen"]
[Date "2000.03.24"]
[Round "8"]
[White "Sulava, Nenad"]
[Black "Wilhelmi, Christian"]
[Result "1-0"]
[WhiteElo "2486"]
[BlackElo "2423"]
[PlyCount "85"]
[EventDate "2000.03.??"]
[EventType "swiss"]
[EventRounds "9"]
[EventCountry "GER"]
[SourceTitle "CBM 075 Extra"]
[Source "ChessBase"]
[SourceDate "2000.05.11"]
[SourceVersion "2"]
[SourceVersionDate "2000.05.11"]
[SourceQuality "1"]

1. Nf3 c5 2. c4 g6 3. d4 Bg7 4. d5 b5 5. e4 bxc4 6. Bxc4 d6 7. 0-0 Nd7 8. Bb5 Rb8 9. Na3 Kf8 10. Rb1 Ngf6 11. Re1 Ng4 12. h3 Nge5 13. Nd2 g5 14. Bxd7 Qxd7 15. Ndc4 Ba6 16. Nxe5 Bxe5 17. b3 Rg8 18. Bb2 Bxb2 19. Rxb2 g4 20. hxg4 Qxg4 21. Qxg4 Rxg4 22. f3 Rg6 23. Nc2 Bc8 24. Kf2 Rh6 25. Ne3 Bd7 26. Reb1 a5 27. a3 e5 28. Nc4 Ra8 29. g4 Rh2+ 30. Ke3 Rxb2 31. Rxb2 Ra6 32. Kd2 Bb5 33. Ne3 Rb6 34. Kc3 Bd7 35. Nc4 Ra6 36. Rh2 Kg7 37. g5 Bb5 38. Ne3 a4 39. Nf5+ Kg6 40. Nxd6 Bf1 41. Rh6+ Kxg5 42. Nxf7+ Kf4 43. d6 1-0

[Event "Bad Woerishofen op 16th"]
[Site "Bad Woerishofen"]
[Date "2000.03.21"]
[Round "5"]
[White "Wilhelmi, Christian"]
[Black "Bischoff, Klaus"]
[Result "1-0"]
[WhiteElo "2423"]
[BlackElo "2544"]
[PlyCount "51"]
[EventDate "2000.03.??"]
[EventType "swiss"]
[EventRounds "9"]
[EventCountry "GER"]
[SourceTitle "CBM 075 Extra"]
[Source "ChessBase"]
[SourceDate "2000.05.11"]
[SourceVersion "2"]
[SourceVersionDate "2000.05.11"]
[SourceQuality "1"]

1. e4 c5 2. Nf3 d6 3. d4 cxd4 4. Nxd4 Nf6 5. Nc3 a6 6. Bc4 e6 7. Bb3 Nbd7 8. f4 Nc5 9. e5 dxe5 10. fxe5 Nfd7 11. Bf4 b5 12. Qe2 Bb7 13. 0-0 Be7 14. Kh1 h5 15. Rae1 Nxb3 16. axb3 g5 17. Bc1 Qb6 18. Be3 Qc7 19. Bg1 b4 20. Ne4 Qxe5 21. Qf3 0-0 22. Nf6+ Nxf6 23. Qxb7 Qd6 24. Nc6 Nd5 25. Nxe7+ Qxe7 26. Qxd5 1-0

[Event "Bad Woerishofen op 16th"]
[Site "Bad Woerishofen"]
[Date "2000.03.20"]
[Round "4"]
[White "Wilhelmi, Christian"]
[Black "Levin, Felix"]
[Result "1/2-1/2"]
[WhiteElo "2423"]
[BlackElo "2526"]
[PlyCount "111"]
[EventDate "2000.03.??"]
[EventType "swiss"]
[EventRounds "9"]
[EventCountry "GER"]
[SourceTitle "CBM 075 Extra"]
[Source "ChessBase"]
[SourceDate "2000.05.11"]
[SourceVersion "2"]
[SourceVersionDate "2000.05.11"]
[SourceQuality "1"]

1. Nf3 Nf6 2. g3 b5 3. Bg2 Bb7 4. d3 d5 5. 0-0 c5 6. Nbd2 e6 7. c3 Be7 8. a4 b4 9. cxb4 cxb4 10. a5 0-0 11. Nb3 Na6 12. Bf4 Bd6 13. Qd2 Qe7 14. Bxd6 Qxd6 15. Nfd4 g6 16. Qg5 Kg7 17. Nf3 Nd7 18. d4 Bc6 19. Qe3 Bb5 20. Ne5 f6 21. Nxd7 Qxd7 22. Bh3 Rfe8 23. Rfc1 Qd6 24. Nc5 e5 25. Nxa6 Bxa6 26. Rc5 Bc4 27. Bg2 Rad8 28. Rd1 b3 29. Rd2 e4 30. Rd1 Rc8 31. h4 Rxc5 32. dxc5 Qe5 33. Rd4 f5 34. c6 Re7 35. Qc3 Qf6 36. e3 Rc7 37. Bf1 Rxc6 38. Qd2 Kh6 39. Bxc4 Rxc4 40. Rxd5 Rc2 41. Qb4 Rxb2 42. Qb8 f4 43. Qxf4+ Qxf4 44. gxf4 Rc2 45. Rb5 b2 46. Kg2 Kg7 47. Kg3 Kf6 48. f3 Re2 49. fxe4 Rxe3+ 50. Kg2 Rxe4 51. Rxb2 Rxf4 52. Kg3 Re4 53. Rb7 Re7 54. a6 Ke6 55. Kg4 Kd6 56. Rxe7 1/2-1/2

[Event "Bundesliga 9900"]
[Site "Germany"]
[Date "2000.03.12"]
[Round "12.7"]
[White "Wilhelmi, Christian"]
[Black "Heinatz, Thomas"]
[Result "0-1"]
[WhiteElo "2423"]
[BlackElo "2338"]
[PlyCount "50"]
[EventDate "1999.10.09"]
[EventType "team-tourn"]
[EventRounds "15"]
[EventCountry "GER"]
[SourceTitle "CBM 076"]
[Source "ChessBase"]
[SourceDate "2000.05.31"]
[SourceVersion "1"]
[SourceVersionDate "2000.05.31"]
[SourceQuality "1"]
[WhiteTeam "Hamburger SK"]
[BlackTeam "Dresden"]
[WhiteTeamCountry "GER"]
[BlackTeamCountry "GER"]

1. d4 d6 2. Nf3 Nf6 3. Nc3 Bf5 4. Bg5 Nbd7 5. Nh4 Bg6 6. Nxg6 hxg6 7. d5 Nc5 8. e4 e5 9. dxe6 Nxe6 10. Be3 c6 11. f4 Qa5 12. Bd3 d5 13. Bd2 dxe4 14. Nxe4 Qb6 15. Ng5 Rxh2 16. Rf1 0-0-0 17. Nxf7 Re8 18. Ne5 g5 19. Bf5 Rxg2 20. Qf3 Qxb2 21. Qxg2 Qxa1+ 22. Kf2 Qxa2 23. Qxg5 Ne4+ 24. Bxe4 Nxg5 25. Bf5+ Kc7 0-1

[Event "Leutersdorf Muench Braeu op 05th"]
[Site "Leutersdorf"]
[Date "2000.02.15"]
[Round "5"]
[White "Zesch, Felix"]
[Black "Wilhelmi, Christian"]
[Result "1/2-1/2"]
[WhiteElo "2173"]
[BlackElo "2423"]
[PlyCount "57"]
[EventDate "2000.02.13"]
[EventType "swiss"]
[EventRounds "9"]
[EventCountry "GER"]
[SourceTitle "EXT 2001"]
[Source "ChessBase"]
[SourceDate "2000.11.22"]
[SourceVersion "1"]
[SourceVersionDate "2000.11.22"]
[SourceQuality "1"]

1. e4 c5 2. Nf3 Nc6 3. d4 cxd4 4. Nxd4 Qc7 5. Nc3 e6 6. Be3 a6 7. Be2 Nf6 8. 0-0 Be7 9. Kh1 0-0 10. f4 d6 11. g4 Nxd4 12. Qxd4 e5 13. Qd1 exf4 14. Bxf4 Be6 15. g5 Nd7 16. Nd5 Bxd5 17. exd5 Rfe8 18. Bd3 Nc5 19. Bxh7+ Kxh7 20. Qh5+ Kg8 21. Be5 Bf8 22. Bd4 Re5 23. Bxe5 dxe5 24. g6 fxg6 25. Qxg6 a5 26. Rad1 Qd7 27. Rf3 e4 28. Rf4 Ra6 29. d6 1/2-1/2

[Event "Bundesliga 9900"]
[Site "Germany"]
[Date "1999.12.12"]
[Round "6.6"]
[White "Ellers, Holger"]
[Black "Wilhelmi, Christian"]
[Result "1/2-1/2"]
[WhiteElo "2426"]
[BlackElo "2413"]
[PlyCount "78"]
[EventDate "1999.10.09"]
[EventType "team-tourn"]
[EventRounds "15"]
[EventCountry "GER"]
[SourceTitle "CBM 073 Extra"]
[Source "ChessBase"]
[SourceDate "2000.01.11"]
[SourceVersion "1"]
[SourceVersionDate "2000.01.11"]
[SourceQuality "1"]
[WhiteTeam "Wattenscheid"]
[BlackTeam "Hamburger SK"]
[WhiteTeamCountry "GER"]
[BlackTeamCountry "GER"]

1. d4 Nf6 2. Nf3 g6 3. g3 Bg7 4. Bg2 0-0 5. 0-0 d6 6. c4 Nc6 7. Nc3 a6 8. Re1 Rb8 9. Rb1 Na5 10. Qd3 b5 11. cxb5 axb5 12. b4 Nc4 13. d5 Bf5 14. e4 Bd7 15. a4 Ng4 16. Nxb5 Nb6 17. Nc3 Nxa4 18. Nxa4 Bxa4 19. Bb2 Bxb2 20. Rxb2 Bd7 21. h3 Nf6 22. Nd4 Rb6 23. Kh2 Qb8 24. Qc3 Nh5 25. f4 Ng7 26. e5 e6 27. dxe6 Nxe6 28. exd6 Rxd6 29. Nxe6 Bxe6 30. Rc1 Rb6 31. Qxc7 Rxb4 32. Qxb8 Rfxb8 33. Rxb4 Rxb4 34. Rc2 Kg7 35. Rd2 h5 36. h4 Kf6 37. Kg1 Rb3 38. Kf2 Ra3 39. Bh1 Rc3 1/2-1/2

[Event "Bundesliga 9900"]
[Site "Germany"]
[Date "1999.10.09"]
[Round "1.7"]
[White "Wilhelmi, Christian"]
[Black "Jackelen, Thomas"]
[Result "0-1"]
[WhiteElo "2413"]
[BlackElo "2368"]
[PlyCount "60"]
[EventDate "1999.10.09"]
[EventType "team-tourn"]
[EventRounds "15"]
[EventCountry "GER"]
[SourceTitle "EXT 2000"]
[Source "ChessBase"]
[SourceDate "1999.11.16"]
[SourceVersion "1"]
[SourceVersionDate "1999.11.16"]
[SourceQuality "1"]
[WhiteTeam "Hamburger SK"]
[BlackTeam "Godesberg"]
[WhiteTeamCountry "GER"]
[BlackTeamCountry "GER"]

1. d4 Nf6 2. c4 e6 3. g3 Bb4+ 4. Bd2 Qe7 5. Bg2 Nc6 6. Nf3 Bxd2+ 7. Nbxd2 d6 8. 0-0 0-0 9. e4 e5 10. d5 Nb8 11. Ne1 a5 12. Nd3 Bg4 13. Qe1 Na6 14. f4 Bd7 15. Qc1 Nb4 16. Qc3 Nxd3 17. Qxd3 Rfe8 18. Rae1 c6 19. b3 Qd8 20. h3 cxd5 21. exd5 Qb6+ 22. Kh2 exf4 23. Rxe8+ Rxe8 24. Rxf4 Re3 25. Qf1 Qd8 26. Qc1 Qe7 27. Rf3 h5 28. Nf1 Re5 29. Qf4 Re4 30. Qg5 Ng4+ 0-1

[Event "Hamburg-ch int"]
[Site "Hamburg"]
[Date "1999.05.30"]
[Round "9.13"]
[White "Wilhelmi, Christian"]
[Black "Hegeler, Frank"]
[Result "1/2-1/2"]
[WhiteElo "2446"]
[BlackElo "2356"]
[PlyCount "83"]
[EventDate "1999.05.22"]
[EventType "swiss"]
[EventRounds "9"]
[EventCountry "GER"]
[SourceTitle "CBM 072"]
[Source "ChessBase"]
[SourceDate "1999.10.01"]
[SourceVersion "1"]
[SourceVersionDate "1999.10.01"]
[SourceQuality "1"]

1. e4 e5 2. Nf3 Nc6 3. Bb5 a6 4. Ba4 Nf6 5. 0-0 Nxe4 6. d4 b5 7. Bb3 d5 8. dxe5 Be6 9. Nbd2 Nc5 10. c3 Bg4 11. Re1 Qd7 12. Nf1 Nxb3 13. axb3 Be7 14. h3 Bh5 15. Ng3 Bg6 16. Ne2 Nd8 17. Nf4 c6 18. e6 Nxe6 19. Nxe6 fxe6 20. Ne5 Qc8 21. Nxg6 hxg6 22. Qg4 Kf7 23. Bf4 Bf6 24. Re3 Rh5 25. Rg3 Rf5 26. Qxg6+ Kg8 27. Bh6 Qd7 28. Rd3 Qf7 29. Qxf7+ Kxf7 30. g4 Re5 31. Be3 g5 32. Kg2 b4 33. Kf1 bxc3 34. bxc3 a5 35. f3 d4 36. Bxd4 Rb5 37. Bxf6 Kxf6 38. c4 Rb4 39. Rc3 Ke5 40. Ke2 a4 41. Re3+ Kf6 42. Rxa4 1/2-1/2

[Event "Hamburg-ch int"]
[Site "Hamburg"]
[Date "1999.05.29"]
[Round "8.15"]
[White "Sass, Andreas"]
[Black "Wilhelmi, Christian"]
[Result "0-1"]
[WhiteElo "2146"]
[BlackElo "2446"]
[PlyCount "36"]
[EventDate "1999.05.22"]
[EventType "swiss"]
[EventRounds "9"]
[EventCountry "GER"]
[SourceTitle "CBM 072"]
[Source "ChessBase"]
[SourceDate "1999.10.01"]
[SourceVersion "1"]
[SourceVersionDate "1999.10.01"]
[SourceQuality "1"]

1. d4 Nf6 2. c4 g6 3. Nc3 d5 4. cxd5 Nxd5 5. e4 Nxc3 6. bxc3 Bg7 7. Nf3 c5 8. Rb1 0-0 9. Qd2 b6 10. Bc4 Nc6 11. d5 Na5 12. Be2 e6 13. Ba3 Qe8 14. Bb5 Bd7 15. Be2 exd5 16. exd5 Nc4 17. Qc1 Qe4 18. Ra1 Rfe8 0-1

[Event "Hamburg-ch int"]
[Site "Hamburg"]
[Date "1999.05.27"]
[Round "6.13"]
[White "Wilhelmi, Christian"]
[Black "Hochgraefe, Markus"]
[Result "0-1"]
[WhiteElo "2446"]
[BlackElo "2329"]
[PlyCount "82"]
[EventDate "1999.05.22"]
[EventType "swiss"]
[EventRounds "9"]
[EventCountry "GER"]
[SourceTitle "CBM 072"]
[Source "ChessBase"]
[SourceDate "1999.10.01"]
[SourceVersion "1"]
[SourceVersionDate "1999.10.01"]
[SourceQuality "1"]

1. Nf3 d5 2. g3 Nf6 3. Bg2 c6 4. 0-0 Bg4 5. d3 e6 6. Nbd2 Be7 7. h3 Bh5 8. Qe1 0-0 9. e4 a5 10. a4 Na6 11. e5 Nd7 12. Nd4 Nb4 13. g4 Bg6 14. Qd1 Nxe5 15. f4 Qb6 16. c3 Nexd3 17. f5 Nxc1 18. fxg6 hxg6 19. Rxc1 Nd3 20. N2f3 Nxc1 21. Qxc1 Bd6 22. Re1 Rae8 23. Kh1 e5 24. Ne2 Qb3 25. Qa1 Qc2 26. Neg1 e4 27. Nd4 Qd3 28. Nge2 f5 29. Qc1 f4 30. Rd1 Qc4 31. Bf1 Qxa4 32. c4 Qxc4 33. Qxc4 dxc4 34. Nc3 Kh7 35. Bxc4 Bb4 36. Re1 Bxc3 37. bxc3 b5 38. Bf1 f3 39. Re3 a4 40. Nxc6 a3 41. Nb4 Ra8 0-1

[Event "Hamburg-ch int"]
[Site "Hamburg"]
[Date "1999.05.26"]
[Round "5.14"]
[White "Bathke, Joerg"]
[Black "Wilhelmi, Christian"]
[Result "1/2-1/2"]
[WhiteElo "2225"]
[BlackElo "2446"]
[PlyCount "108"]
[EventDate "1999.05.22"]
[EventType "swiss"]
[EventRounds "9"]
[EventCountry "GER"]
[SourceTitle "CBM 072"]
[Source "ChessBase"]
[SourceDate "1999.10.01"]
[SourceVersion "1"]
[SourceVersionDate "1999.10.01"]
[SourceQuality "1"]

1. e4 c5 2. f4 e6 3. Nf3 d5 4. Bb5+ Bd7 5. Bxd7+ Nxd7 6. d3 Bd6 7. c4 Ne7 8. Nc3 d4 9. Ne2 0-0 10. g4 b5 11. Ng3 bxc4 12. dxc4 Qb8 13. e5 Bc7 14. 0-0 Qb6 15. g5 f6 16. exf6 gxf6 17. Qd3 Ng6 18. f5 exf5 19. Nxf5 Rae8 20. b3 Bf4 21. N3xd4 Nde5 22. Qe4 Bxc1 23. Qd5+ Kh8 24. Raxc1 cxd4 25. Nd6 Ne7 26. c5 Nxd5 27. cxb6 axb6 28. Nxe8 Rxe8 29. gxf6 Ne3 30. f7 Rf8 31. Rf6 Nxf7 32. Rc7 Rg8+ 33. Kh1 Ng5 34. h4 Nd5 35. hxg5 Nxc7 36. Rd6 Rxg5 37. Rxd4 Nd5 38. a4 Kg7 39. b4 Kf6 40. a5 bxa5 41. bxa5 Ke5 42. Ra4 Rg7 43. Kh2 Ra7 44. Kg3 Ra6 45. Kh4 Kf5 46. Ra1 Kg6 47. Rg1+ Kf7 48. Rf1+ Kg7 49. Rg1+ Kh8 50. Ra1 Ne7 51. Re1 Ng6+ 52. Kg5 Rxa5+ 53. Kh6 Ne5 54. Rxe5 Rxe5 1/2-1/2

[Event "Bundesliga 9899"]
[Site "Germany"]
[Date "1999.04.18"]
[Round "15.7"]
[White "Wilhelmi, Christian"]
[Black "Polzin, Rainer"]
[Result "0-1"]
[WhiteElo "2446"]
[BlackElo "2443"]
[PlyCount "106"]
[EventDate "1998.10.17"]
[EventType "team-tourn"]
[EventRounds "15"]
[EventCountry "GER"]
[SourceTitle "GER-chT"]
[Source "ChessBase"]
[SourceDate "1999.07.01"]
[SourceVersion "1"]
[SourceVersionDate "1999.07.01"]
[SourceQuality "1"]
[WhiteTeam "Hamburger SK"]
[BlackTeam "Neukoelln"]
[WhiteTeamCountry "GER"]
[BlackTeamCountry "GER"]

1. d4 Nf6 2. c4 g6 3. Nc3 Bg7 4. e4 d6 5. f4 0-0 6. Nf3 Na6 7. e5 Nd7 8. Be2 c5 9. exd6 exd6 10. 0-0 Nf6 11. d5 Ne8 12. Bd2 Nac7 13. a4 f5 14. Ra3 Nf6 15. Bc1 Re8 16. h3 Na6 17. Ng5 Nb4 18. Kh2 h6 19. Nf3 Bd7 20. g3 a6 21. Nh4 Kh7 22. a5 Re7 23. Bf3 Re8 24. Rf2 Rb8 25. Ng2 b5 26. axb6 Rxb6 27. Ne3 Qc8 28. Rg2 h5 29. Rf2 Re7 30. Ng2 Qe8 31. Rf1 Qh8 32. Nh4 Rb8 33. Bg2 Rbe8 34. Nf3 Bh6 35. Ng5+ Kg8 36. Nf3 Ne4 37. Nxe4 fxe4 38. Nh4 Qf6 39. f5 Bxc1 40. fxg6 Qxb2 41. Qxc1 Qxc1 42. Rxc1 e3 43. Nf3 e2 44. Ne1 Re3 45. Rxe3 Rxe3 46. Kg1 Rxg3 47. Kf2 Rb3 48. Bf3 a5 49. Bxh5 a4 50. g7 Kxg7 51. Bxe2 a3 52. Nc2 Nxc2 53. Rxc2 Bf5 0-1

[Event "Bled op 20th"]
[Site "Bled"]
[Date "1999.03.21"]
[Round "2"]
[White "Grosar, Kiti"]
[Black "Wilhelmi, Christian"]
[Result "0-1"]
[WhiteElo "2214"]
[BlackElo "2446"]
[PlyCount "64"]
[EventDate "1999.03.20"]
[EventType "swiss"]
[EventRounds "9"]
[EventCountry "SLO"]
[SourceTitle "CBM 069 Extra"]
[Source "ChessBase"]
[SourceDate "1999.05.10"]
[SourceVersion "1"]
[SourceVersionDate "1999.05.10"]
[SourceQuality "1"]

1. e4 c5 2. Nf3 d6 3. d4 cxd4 4. Nxd4 Nf6 5. Nc3 a6 6. Bc4 e6 7. Bb3 b5 8. Qf3 Bb7 9. Bg5 Nbd7 10. 0-0-0 b4 11. Na4 Qa5 12. Bxf6 Nxf6 13. Qe3 Be7 14. f3 0-0 15. g4 Nxe4 16. h4 Nc5 17. Nxc5 Qxc5 18. Bxe6 fxe6 19. Qxe6+ Rf7 20. Nf5 Bf8 21. Nxd6 Bxd6 22. Rxd6 Rc8 23. Rd2 Bxf3 24. Re1 a5 25. h5 Qc6 26. Qe5 a4 27. Qd4 b3 28. a3 bxc2 29. Rg1 Qe6 30. Qxa4 Qa2 31. Rxc2 Qa1+ 32. Kd2 Rd8+ 0-1

[Event "Dresden op 08th"]
[Site "Dresden"]
[Date "1999.??.??"]
[Round "?"]
[White "Bagaturov, Giorgi"]
[Black "Wilhelmi, Christian"]
[Result "0-1"]
[WhiteElo "2530"]
[BlackElo "2410"]
[PlyCount "62"]
[EventDate "1999.07.15"]
[EventType "swiss"]
[EventRounds "9"]
[EventCountry "GER"]
[SourceTitle "EXT 2000"]
[Source "ChessBase"]
[SourceDate "1999.11.16"]
[SourceVersion "1"]
[SourceVersionDate "1999.11.16"]
[SourceQuality "1"]

1. d4 Nf6 2. c4 g6 3. Nf3 Bg7 4. g3 d5 5. cxd5 Nxd5 6. Bg2 Nb6 7. 0-0 Nc6 8. Nc3 Nxd4 9. Nxd4 Qxd4 10. Qxd4 Bxd4 11. Nb5 Be5 12. Bf4 Bxf4 13. gxf4 0-0 14. Nxc7 Rb8 15. Rac1 Bg4 16. Rc2 Rfd8 17. Rfc1 Bf5 18. e4 Bd7 19. b3 Bc6 20. e5 Bxg2 21. Kxg2 Rd3 22. a4 a5 23. Rc5 Rxb3 24. Rxa5 Rb4 25. Rb5 Rxb5 26. axb5 Rc8 27. Rc3 e6 28. h4 h5 29. Kf3 Kf8 30. f5 gxf5 31. Kf4 Rxc7 0-1

[Event "Dresden op 08th"]
[Site "Dresden"]
[Date "1999.??.??"]
[Round "?"]
[White "Wilhelmi, Christian"]
[Black "Gutman, Lev"]
[Result "1/2-1/2"]
[WhiteElo "2410"]
[BlackElo "2470"]
[PlyCount "141"]
[EventDate "1999.07.15"]
[EventType "swiss"]
[EventRounds "9"]
[EventCountry "GER"]
[SourceTitle "EXT 2000"]
[Source "ChessBase"]
[SourceDate "1999.11.16"]
[SourceVersion "1"]
[SourceVersionDate "1999.11.16"]
[SourceQuality "1"]

1. d4 Nf6 2. c4 g6 3. Nc3 Bg7 4. e4 0-0 5. Nf3 c6 6. e5 Ne8 7. Bf4 d6 8. h3 dxe5 9. Bxe5 Bxe5 10. Nxe5 c5 11. dxc5 Qc7 12. Nd3 Nf6 13. Qf3 Bf5 14. 0-0-0 Nc6 15. Qe3 Rad8 16. g4 Be6 17. Nf4 Rxd1+ 18. Nxd1 Nd7 19. Nc3 Nxc5 20. Nxg6 fxg6 21. Qxc5 Qf4+ 22. Qe3 Bxc4 23. Qxf4 Rxf4 24. Bxc4+ Rxc4 25. Kd2 g5 26. Ke3 Ne5 27. Rd1 Kf7 28. Rd5 Ke6 29. Rb5 b6 30. Ne4 h6 31. f4 gxf4+ 32. Kxf4 Nf7 33. Rh5 Ra4 34. a3 Rc4 35. Kf3 Rc2 36. Rb5 Rc4 37. Nc3 Ng5+ 38. Kg3 Rd4 39. h4 Rd3+ 40. Kg2 Nf7 41. Ne2 Rd2 42. Kf1 Ne5 43. Rb4 Nc6 44. Re4+ Kd6 45. g5 hxg5 46. hxg5 Rd5 47. Rg4 Ne5 48. Rd4 Rxd4 49. Nxd4 Kd5 50. Nf5 Ng6 51. Ke2 Ke4 52. Ng7 Nf4+ 53. Kd2 Ke5 54. Kc3 Nh3 55. Kc4 Nxg5 56. Kb5 Ne6 57. Ne8 Kd5 58. a4 Nd4+ 59. Ka6 Nc6 60. Kb5 Nd4+ 61. Ka6 Nb3 62. Kxa7 Kc6 63. Ng7 e5 64. Nf5 e4 65. Ka6 Nc5+ 66. Ka7 Nxa4 67. Ng3 e3 68. Nf5 Nxb2 69. Nxe3 b5 70. Nc2 Kc5 71. Na3 1/2-1/2

[Event "Bundesliga 9899"]
[Site "Germany"]
[Date "1998.12.13"]
[Round "6.6"]
[White "Mandel, Andreas"]
[Black "Wilhelmi, Christian"]
[Result "1-0"]
[WhiteElo "2340"]
[BlackElo "2445"]
[PlyCount "65"]
[EventDate "1998.10.17"]
[EventType "team-tourn"]
[EventRounds "15"]
[EventCountry "GER"]
[SourceTitle "GER-chT"]
[Source "ChessBase"]
[SourceDate "1999.07.01"]
[SourceVersion "1"]
[SourceVersionDate "1999.07.01"]
[SourceQuality "1"]
[WhiteTeam "Viernheim"]
[BlackTeam "Hamburger SK"]
[WhiteTeamCountry "GER"]
[BlackTeamCountry "GER"]

1. d4 Nf6 2. Nf3 e6 3. g3 b5 4. Bg2 Bb7 5. 0-0 c5 6. c3 Na6 7. Qb3 Qb6 8. a4 b4 9. a5 Qc6 10. cxb4 c4 11. Qd1 Nxb4 12. Nc3 Be7 13. b3 Rc8 14. Bd2 0-0 15. bxc4 Qxc4 16. Ne5 Qa6 17. Bxb7 Qxb7 18. Qb3 Qa6 19. Qa4 Nc6 20. Rfc1 Nb8 21. Rab1 d6 22. Nd3 Nc6 23. Nb4 Nxb4 24. Qxb4 Rc7 25. Qb5 Qc8 26. a6 h6 27. f3 d5 28. Na4 Ba3 29. Rxc7 Qxc7 30. Bf4 Qc2 31. Qb3 Qg6 32. Qd3 Qh5 33. Qxa3 1-0

[Event "Bundesliga 9899"]
[Site "Germany"]
[Date "1998.12.12"]
[Round "5.6"]
[White "Wilhelmi, Christian"]
[Black "Maier, Christian"]
[Result "0-1"]
[WhiteElo "2470"]
[BlackElo "2345"]
[PlyCount "112"]
[EventDate "1998.10.17"]
[EventType "team-tourn"]
[EventRounds "15"]
[EventCountry "GER"]
[SourceTitle "GER-chT"]
[Source "ChessBase"]
[SourceDate "1999.07.01"]
[SourceVersion "1"]
[SourceVersionDate "1999.07.01"]
[SourceQuality "1"]
[WhiteTeam "Hamburger SK"]
[BlackTeam "Zaehringen"]
[WhiteTeamCountry "GER"]
[BlackTeamCountry "GER"]

1. c4 e5 2. Nc3 Bb4 3. g3 Bxc3 4. bxc3 Nc6 5. Bg2 Nf6 6. e4 0-0 7. Ne2 Re8 8. 0-0 a6 9. a4 d6 10. d3 Rb8 11. h3 Nd7 12. f4 Nc5 13. Be3 Qe7 14. f5 Bd7 15. g4 f6 16. Ng3 b5 17. axb5 axb5 18. d4 Nb7 19. cxb5 Nca5 20. Qe2 d5 21. Bf2 Nc4 22. exd5 Nbd6 23. dxe5 Nxe5 24. Rfe1 Bxb5 25. Qd1 Bc4 26. Rb1 Qf7 27. Qd4 Rbd8 28. Rb4 Ba6 29. Ra1 Bc4 30. Nh5 Nb5 31. Qc5 Nd6 32. Nf4 Nd3 33. Nxd3 Bxd3 34. Re1 h5 35. Re6 Ra8 36. Rd4 Ra1+ 37. Kh2 Bf1 38. Bf3 Rea8 39. Kg3 R1a2 40. Be3 h4+ 41. Kxh4 g5+ 42. fxg6 Qxg6 43. Rd2 Qh7+ 44. Kg3 Qxh3+ 45. Kf2 Bd3 46. Qd4 Qh2+ 47. Bg2 Qh4+ 48. Kf3 Bg6 49. Rd1 Nf5 50. Qf4 R8a4 51. Rd4 Nxd4+ 52. cxd4 R4a3 53. Qg3 Qg5 54. Qxc7 Qxd5+ 55. Kf4 Qxe6 56. Qd8+ Kg7 0-1